| 000 | 00830nam a22002417a 4500 | ||
|---|---|---|---|
| 001 | 48684 | ||
| 003 | BD-RjUL | ||
| 005 | 20211209054552.0 | ||
| 008 | 160816s2003 bg ||||| |||| 00| 0 ben d | ||
| 020 |
_a9844151570 _c: TK 90.00 |
||
| 035 | _a(BD-RjUL)48803 | ||
| 040 |
_aBD-RjUL _bben _cBD-RjUL |
||
| 041 | _aben | ||
| 082 |
_223 _a891.422 _bDIN 2003 |
||
| 100 |
_aমিত্র, দীনবন্ধু _9146956 |
||
| 245 | 1 | 0 |
_aনীল-দর্পণ / _cদীনবন্ধু মিত্র |
| 260 |
_aঢাকা : _bঅবসর, _c২০০৩ |
||
| 300 |
_a[৭৪], ৬৯ পৃ. ; _c২১ সেমি. |
||
| 650 |
_aবাংলা নাটক _9146957 |
||
| 650 |
_aBengali Drama _9146958 |
||
| 700 |
_aহক, সিরাজুল, সম্পাদক _9146959 |
||
| 942 |
_2ddc _cBK _02 |
||
| 999 |
_c48684 _d48684 |
||